00563 a2200157 4500003000500000038001800005082001000023100002500033245008800058260008200146300004300228500005300271563000700324700001700331856005700348NUST aNusrat Nadeem a004.1 aAdeel Muhammad Malik aRaw network data collection and classificationcAdeel Muhammad Malik & Usama Qayyum aIslamabad :bNUST School of Electrical Engineering & Computer Science,c2009. aviii, 60 p. :bill. ;c27 cm +eCD-ROM aSupervisors : Dr. Kamran Aziz, Dr. Khalid Latif. aHB aUsama Qayyum uhttp://10.250.8.41:8080/xmlui/handle/123456789/10256